000 00575nam a22001817a 4500
005 20251108172455.0
008 250721s9999 xx 000 0 ara d
082 1 4 _a811.06/بار
100 1 _aباكثير، علي أحمد
245 1 0 _aنظام البردة أو ذكرى محمد صلى الله عليه وسلم /
264 1 _aالقاهرة :
_bدار مصر للطباعة،
300 _a48ص
650 1 7 _aالشعر العربي
650 1 7 _aالتصوف الإسلامي
650 1 7 _aالسيرة النبوية
942 _2ddc
_cBK
999 _c80272
_d80272